Vliv zdanění korporací na ekonomický růst: selhání daňové kvóty?

Zhodnotenie vplyvu zdanenia na dlhodobý ekonomický rast so zreteľom na zdaňovanie korporácií. Zdaňovanie v teórii rastu. Daňová kvóta a jej špecifiká. Problematika zdaňovania koroprácii.

Salvato in:
Dettagli Bibliografici
Autore principale: Kotlán, Igor
Altri autori: Machová, Zuzana
Natura: Capitolo di libro
Lingua:ceco
Soggetti:
Tags: Aggiungi Tag
Nessun Tag, puoi essere il primo ad aggiungerne!!

MARC

LEADER 00000naa a2200000 4500
001 0164613
005 20231207120937.9
041 0 |a cze 
044 |a CZ 
245 1 0 |a Vliv zdanění korporací na ekonomický růst: selhání daňové kvóty?  |c Igor Kotlán, Zuzana Machová 
520 |a Zhodnotenie vplyvu zdanenia na dlhodobý ekonomický rast so zreteľom na zdaňovanie korporácií. Zdaňovanie v teórii rastu. Daňová kvóta a jej špecifiká. Problematika zdaňovania koroprácii. 
610 2 0 |a korporácie 
610 2 0 |a zdaňovanie 
610 2 0 |a rast hospodársky 
610 2 0 |a kvóty 
610 2 0 |a zaťaženie daňové 
100 1 |a Kotlán, Igor 
700 1 |a Machová, Zuzana